00554 2200193 4500245004800000020002200048250001100070100002000081700001200101700001300113650001700126005001900143260004100162041001400203084001300217300003200230500008900262336000900351 aHalcyon Lunch Vol. 2cSamura, HiroakihText a978-602-02-2595-1 aCet. 1 aSamura, Hiroaki aStefani aHyasinta aKomik Jepang a20230130082852 aJakartabElex Media Komputindoc2013 aIndonesia a741.5592 a... jil. :bilus. ;c17 cm. aJudul asli : Halcyon Lunch 2 Terdiri dari 2 volume, diterjemahkan dari bahasa Jepang atext